Lok prashasan : Sinddhant aur vyavhar (Record no. 1385673)

MARC details
000 -LEADER
fixed length control field 00534nam a2200193Ia 4500
005 - DATE AND TIME OF LATEST TRANSACTION
control field 20250508163849.0
008 - FIXED-LENGTH DATA ELEMENTS--GENERAL INFORMATION
fixed length control field 008 250505s9999 xx 000 0 hin d
020 ## - INTERNATIONAL STANDARD BOOK NUMBER
International Standard Book Number 81-7487-183-7
037 ## - SOURCE OF ACQUISITION
Stock number Textual
040 ## - CATALOGING SOURCE
Original cataloging agency FEDL
Language of cataloging eng
Transcribing agency FEDL
041 ## - LANGUAGE CODE
Language code of text/sound track or separate title hin
Source of code eng
084 ## - COLON CLASSIFICATION NUMBER
Classification number 350, BAM
Assigning agency FEDL
100 ## - MAIN ENTRY--PERSONAL NAME
Personal name Bameshwar Singh
9 (RLIN) 776606
245 #0 - TITLE STATEMENT
Title Lok prashasan : Sinddhant aur vyavhar
260 ## - PUBLICATION, DISTRIBUTION, ETC.
Place of publication, distribution, etc. New Delhi, India
Name of publisher, distributor, etc. Radha Publications
Date of publication, distribution, etc. 1999
300 ## - PHYSICAL DESCRIPTION
Extent 372p
942 ## - ADDED ENTRY ELEMENTS (KOHA)
Koha item type Textual
Classification part 350, BAM
Holdings
Withdrawn status Lost status Damaged status Not for loan Home library Current library Date acquired Total Checkouts Full call number Barcode Date last seen Price effective from Koha item type
        Department of Education Library Department of Education Library 2025-05-08   350, BAM EL0079242 2025-05-08 2025-05-08 Textual
Copyright @ Delhi University Library System